000
00264nam a2200121Ia 4500
008
190216s9999||||xx |||||||||||||| ||und||
100
_a
Mijam Hathi Rustha
245
0
_a
Hindi-Amarav Jan Atha
260
_b
Shiva
300
_a
152
650
_a
Hindi
942
_c
BK
999
_c
16414
_d
16414